| 000 | 00998nac a22002771u 4500 | ||
|---|---|---|---|
| 010 | _a 80040372 | ||
| 020 | _a0070843570 (pbk.) : | ||
| 082 | 0 | 0 |
_a531 _bSPI |
| 090 |
_c5974 _d5974 |
||
| 100 | _aSpiegel, Murray R. | ||
| 245 | 1 | 0 |
_aSchaum's outline of theory and problems of theoretical mechanics : _bwith an introduction to Lagrange's equations and Hamiltonian theory / _cby Murray R. Spiegel. |
| 250 |
_aSI (metric) ed. / _badapted for SI units by Y. Proykova. |
||
| 260 |
_aNew York ; _aLondon : _bMcGraw-Hill Book Co.,1983 _cc1983. |
||
| 300 |
_a368 p. : _bill. ; _c28 cm. |
||
| 490 | 0 | _aSchaum's outline series | |
| 500 | _aIncludes indexes. | ||
| 500 | _adistributer: Al-Ahram | ||
| 511 | _acatalogued by: wessam | ||
| 650 | 0 | _aMechanics. | |
| 650 | 0 |
_aMechanics _xProblems, exercises, etc. |
|
| 700 | 1 | _aProykova, Y. | |
| 942 |
_cBB _k531SPI _hRDA-MOD |
||
| 999 |
_c5974 _d5974 |
||
| 336 |
_2rdacontent _atext _btxt |
||
| 337 |
_aunmediated _2rdamedia _bn |
||
| 338 |
_avolume _bnc _2rdacarrier |
||